| 000 | 004860000a22001570004500 | ||
|---|---|---|---|
| 003 | MACL | ||
| 005 | 20171231131854.0 | ||
| 008 | 171231b xxu||||| |||| 00| 0 eng d | ||
| 040 | _cmacl | ||
| 100 |
_aजोशी उमाशंकर _956498 |
||
| 245 | _aसब का साथी सबका दोस्त | ||
| 260 |
_bनेशनल बुक ट्रस्ट _c2004 |
||
| 350 | _a16 | ||
| 650 |
_aचिल्ड्रन _969897 |
||
| 942 |
_cHIN _k741.642 _2ddc |
||
| 999 |
_c18978 _d18978 |
||